[Event "Katowice POL-HUN 5th"]
[Site "Katowice"]
[Date "2017.05.21"]
[Round "8"]
[White "Gocza, Adam"]
[Black "Sanz Wawer, Daniel"]
[Result "0-1"]
[WhiteElo "1908"]
[BlackElo "2115"]
[PlyCount "81"]
[EventDate "2017.05.20"]
[EventType "swiss (rapid)"]
[EventRounds "9"]
[EventCountry "POL"]
[SourceTitle "CBM 178 Extra"]
[Source "ChessBase"]
[SourceDate "2017.06.22"]
[SourceVersion "1"]
[SourceVersionDate "2017.06.22"]
[SourceQuality "1"]

1. e4 c5 2. Nc3 Nc6 3. g3 e6 4. Bg2 g6 5. d3 Bg7 6. Be3 d6 7. Qd2 Nge7 8. Nge2 b6 9. 0-0 0-0 10. d4 Bb7 11. f4 cxd4 12. Nxd4 Nxd4 13. Bxd4 Qc7 14. Bxg7 Kxg7 15. Nb5 Qc5+ 16. Qd4+ Qxd4+ 17. Nxd4 a6 18. c3 Rae8 19. f5 Ng8 20. fxe6 fxe6 21. Bh3 Rxf1+ 22. Rxf1 Bc8 23. Nf3 e5 24. Bxc8 Rxc8 25. Rd1 Rc6 26. Kf2 Nf6 27. Ke3 Kf7 28. h3 Ke7 29. g4 Rc4 30. Nd2 Rc8 31. Nf3 a5 32. Rd3 b5 33. b3 Nd7 34. Kd2 Nc5 35. Re3 Rf8 36. Ke2 Rf4 37. Nd2 Rf8 38. Rf3 Rc8 39. Re3 Ne6 40. Nf1 b4 41. c4 0-1

[Event "HUN-chT2 Barcza 1617"]
[Site "Hungary"]
[Date "2016.11.13"]
[Round "4.9"]
[White "Gocza, Adam"]
[Black "Beres, Istvan1111"]
[Result "1/2-1/2"]
[WhiteElo "1853"]
[BlackElo "1822"]
[PlyCount "80"]
[EventDate "2016.09.25"]
[EventType "team-tourn"]
[EventRounds "11"]
[EventCountry "HUN"]
[SourceTitle "EXT 2021"]
[Source "ChessBase"]
[SourceDate "2020.10.23"]
[SourceVersion "1"]
[SourceVersionDate "2020.10.23"]
[SourceQuality "1"]
[WhiteTeam "Nyiregyhaza SISE"]
[BlackTeam "Sajobabony"]
[WhiteTeamCountry "HUN"]
[BlackTeamCountry "HUN"]

1. e4 c5 2. Nc3 Nc6 3. g3 g6 4. d3 Bg7 5. Be3 Nd4 6. Bg2 d6 7. Qd2 Nf6 8. h3 0-0 9. Nd1 Rb8 10. c3 Nc6 11. Bh6 b5 12. h4 Bxh6 13. Qxh6 Ng4 14. Qd2 h5 15. f3 Nf6 16. Ne3 Ne5 17. d4 cxd4 18. cxd4 Nc4 19. Nxc4 bxc4 20. Ne2 Qb6 21. Rb1 d5 22. e5 Bf5 23. 0-0 Nd7 24. g4 Bxb1 25. Rxb1 Nxe5 26. gxh5 gxh5 27. Qg5+ Qg6 28. dxe5 Rb6 29. Qxg6+ fxg6 30. f4 e6 31. Bh3 Kf7 32. Kf2 Rfb8 33. b3 cxb3 34. axb3 Rxb3 35. Bxe6+ Ke7 36. Ra1 Kxe6 37. Nd4+ Ke7 38. Nxb3 Rxb3 39. Rxa7+ Ke6 40. Ra6+ Kf5 1/2-1/2

[Event "HUN-chT U18"]
[Site "Hajduboszormeny"]
[Date "2016.11.05"]
[Round "6.56"]
[White "Szuhai, Beata Barbara"]
[Black "Gocza, Adam"]
[Result "1/2-1/2"]
[WhiteElo "1859"]
[BlackElo "1849"]
[PlyCount "25"]
[EventDate "2016.11.02"]
[EventType "team-swiss"]
[EventRounds "8"]
[EventCountry "HUN"]
[SourceTitle "CBM 175 Extra"]
[Source "ChessBase"]
[SourceDate "2016.12.12"]
[SourceVersion "1"]
[SourceVersionDate "2016.12.12"]
[SourceQuality "1"]

1. e4 c6 2. d4 d5 3. exd5 cxd5 4. Bd3 Nc6 5. c3 Nf6 6. Bf4 g6 7. Nf3 Bg4 8. Nbd2 Bg7 9. 0-0 Nh5 10. Bg3 Nxg3 11. hxg3 h5 12. Qc2 Qd6 13. Rfe1 1/2-1/2

[Event "HUN-chT2 Barcza 1415"]
[Site "Hungary"]
[Date "2014.11.16"]
[Round "?"]
[White "Burinda, Gabor Jr"]
[Black "Gocza, Adam"]
[Result "0-1"]
[WhiteElo "1726"]
[BlackElo "1677"]
[PlyCount "88"]
[EventDate "2014.09.07"]
[EventType "team-tourn"]
[EventRounds "11"]
[EventCountry "HUN"]
[SourceTitle "EXT 2016"]
[Source "ChessBase"]
[SourceDate "2015.10.08"]
[SourceVersion "1"]
[SourceVersionDate "2015.10.08"]
[SourceQuality "1"]
[WhiteTeam "Kazincbarcika"]
[BlackTeam "Piremon"]
[WhiteTeamCountry "HUN"]
[BlackTeamCountry "HUN"]

1. f4 d5 2. d4 c5 3. e3 Bf5 4. Nf3 Nc6 5. c3 c4 6. Nbd2 e6 7. Ne5 Rc8 8. Ndf3 f6 9. Nxc6 bxc6 10. Qa4 Qb6 11. Bd2 Qxb2 12. Rc1 Qa3 13. Qd1 Qa5 14. Be2 Ba3 15. Rb1 Bxb1 16. Qxb1 Qb6 17. 0-0 Ne7 18. e4 Qxb1 19. Rxb1 dxe4 20. Nh4 Nd5 21. f5 e3 22. Be1 exf5 23. Nxf5 0-0 24. Bg3 Nxc3 25. Bxc4+ Nd5 26. Rb3 g6 27. Nxe3 Bc1 28. Bxd5+ cxd5 29. Nxd5 Rf7 30. Bd6 Rd8 31. Ne7+ Kg7 32. Bc5 Rd7 33. Nc8 Rb7 34. Rf3 Rb1 35. Kf2 Rb2+ 36. Kg3 g5 37. h4 Bf4+ 38. Kh3 h5 39. hxg5 fxg5 40. Ra3 g4+ 41. Kh4 Rxg2 42. Kxh5 Rf5+ 43. Kh4 Bg5+ 44. Kh5 Bf6# 0-1

[Event "HUN-chT2 Barcza 1314"]
[Site "Hungary"]
[Date "2014.03.23"]
[Round "9"]
[White "Szabo, Balint"]
[Black "Gocza, Adam"]
[Result "0-1"]
[WhiteElo "1475"]
[BlackElo "1508"]
[PlyCount "75"]
[EventDate "2013.09.08"]
[EventType "team-tourn"]
[EventRounds "11"]
[EventCountry "HUN"]
[SourceTitle "EXT 2016"]
[Source "ChessBase"]
[SourceDate "2015.10.08"]
[SourceVersion "1"]
[SourceVersionDate "2015.10.08"]
[SourceQuality "1"]
[WhiteTeam "Miskolc EMSE"]
[BlackTeam "Nyiregyhaza"]
[WhiteTeamCountry "HUN"]
[BlackTeamCountry "HUN"]

1. e4 c6 2. d4 d5 3. exd5 cxd5 4. Nf3 Nc6 5. Be2 Bf5 6. a3 e6 7. Bf4 Nf6 8. Nc3 h6 9. h3 Qb6 10. Nb5 Rc8 11. Bd6 Be7 12. Rb1 a6 13. Bxe7 Nxe7 14. Nc3 Qa5 15. 0-0 b5 16. Re1 0-0 17. Bd3 Qb6 18. Qd2 Ne8 19. Ne5 Qa7 20. a4 b4 21. Ne2 Bxd3 22. Nxd3 a5 23. Nc5 Nd6 24. Qd3 Rfe8 25. c3 Rb8 26. cxb4 Rxb4 27. b3 Nef5 28. g4 Nxd4 29. Na6 Nxe2+ 30. Qxe2 Rb6 31. Nc5 Rc6 32. Nd3 Rec8 33. Rbc1 Ne4 34. Rxc6 Rxc6 35. Ne5 Rc3 36. Kg2 Qc7 37. Nc4 Ng5 38. Ne3 0-1